| 000 | 00890nam a2200265Ia 4500 | ||
|---|---|---|---|
| 001 | Para_8460 | ||
| 003 | CHAP | ||
| 008 | 220125s9999 xx 000 0 und d | ||
| 010 | _a206624 | ||
| 040 | _cCHAP | ||
| 082 | _aPA-C 595.752 A6 | ||
| 100 |
_aKnowlton, George F. _963559 |
||
| 245 |
_aA new juniper aphid from Utah with notes on a few other species / _c by George F. Knowlton |
||
| 300 | _apaginación varía | ||
| 440 |
_aAphidae; 15 _9172930 |
||
| 500 | _aSobretiro de: The Florida Entomologist: 59-62; 4-8, 1928. Encuadernado con otros impresos similares | ||
| 650 |
_a _x Afididos _x Colecciones de escritos _x Afididos _x Anatomía y Fisiología _x Afididos _x Utah _9172939 |
||
| 901 | _aPA-C 595.752 A6 | ||
| 902 | _aA | ||
| 905 | _a000000 0000000000 00 | ||
| 910 | _a | ||
| 942 | _cPARA | ||
| 942 |
_cPARA _d1 |
||
| 999 |
_c206624 _d206624 |
||